[Event "BL 2016-17"]
[Site "Berlin"]
[Date "2017.04.30"]
[Round "14"]
[White "Vogel, Roven"]
[Black "Tazbir, Marcin"]
[Result "1/2-1/2"]
[WhiteElo "2462"]
[BlackElo "2512"]
[Annotator "TA"]
[PlyCount "44"]
[EventDate "2017.??.??"]
[EventType "team-tourn"]
[EventCountry "GER"]
[SourceTitle "playchess.com"]
[Source "ChessBase"]
[SourceQuality "1"]
[WhiteTeam "TU Dresden"]
[BlackTeam "Griesheim"]

{[%evp 12,44,45,27,43,37,80,85,86,81,100,73,62,0,80,70,142,87,138,161,155,132,166,131,190,210,191,152,150,157,156,154,154,117,126]} 1. d4 Nf6 2. c4 g6 3. Nc3 d5 4. Nf3 Bg7 5. Bf4 O-O 6. e3 c6 7. Be2 a6 {D93: Grünfeld: 4 Nf3 Bg7 5 Bf4 0-0 6 e3} 8. O-O b5 9. cxd5 cxd5 10. Ne5 {[%cal Bf3e5,Be5d3,Bd3c5][%mdl 32]} Be6 $146 (10... e6 11. Nd3 Nc6 12. Rc1 Qb6 13. b4 Bd7 14. a4 Rfc8 15. axb5 axb5 16. Qb3 Ne7 {½-½ (16) Dreev,A (2695)-Svidler,P (2713) Togliatti 2003}) 11. b4 Ne4 12. Qc2 ({White should play} 12. Rc1 $14) 12... f6 (12... g5 $11 13. Nxe4 dxe4) 13. Nd3 $16 ({Much weaker is} 13. Nxe4 fxe5 14. Nc5 Bf5 $15) 13... Bf5 ({Better is} 13... Nc6 $14) 14. Rfc1 (14. Nxe4 $142 {Black must now prevent Nec5.} Bxe4 15. Qb3) 14... g5 (14... e5 $142) 15. Bg3 Nxg3 16. hxg3 ({Don't do} 16. fxg3 Qd6 $14) 16... e6 17. Qd1 Qd6 (17... Bxd3 $16 18. Bxd3 Nc6) 18. Nc5 $18 Nc6 19. Bf3 g4 20. Bxg4 Bxg4 21. Qxg4 f5 22. Qd1 Nxb4 1/2-1/2

[Event "BL 2016-17"]
[Site "Berlin"]
[Date "2017.04.30"]
[Round "14"]
[White "Krassowizkij, Jaroslaw"]
[Black "Maiwald, Jens-Uwe"]
[Result "1/2-1/2"]
[WhiteElo "2453"]
[BlackElo "2448"]
[Annotator "TA"]
[PlyCount "51"]
[EventDate "2017.??.??"]
[EventType "team-tourn"]
[EventCountry "GER"]
[SourceTitle "playchess.com"]
[Source "ChessBase"]
[SourceQuality "1"]
[WhiteTeam "Griesheim"]
[BlackTeam "TU Dresden"]

{[%evp 16,51,5,-22,0,-15,0,0,0,0,0,0,0,0,0,0,0,-28,-28,-20,-29,-52,-26,-25,-25,-23,0,0,-11,-6,8,9,10,0,0,0,15,3]} 1. c4 e5 2. g3 d6 3. Nc3 Be7 4. Bg2 f5 5. d3 Nf6 6. e4 c6 7. Nge2 O-O {A21: English Opening: 1...e5 2 Nc3} 8. O-O (8. h3 fxe4 9. dxe4 Be6 10. b3 Nbd7 11. Be3 a6 12. a4 b5 13. axb5 axb5 14. Rxa8 Qxa8 15. cxb5 cxb5 {½-½ (56) Grischuk,A (2792)-Bartel,M (2641) Dubai 2014}) 8... fxe4 9. dxe4 {LiveBook: 7 Games} Qe8 10. Be3 $146 (10. b3 Na6 11. f3 Nc7 12. Be3 Be6 13. Bf2 d5 14. cxd5 cxd5 15. exd5 Ncxd5 {½-½ (41) Horvath,J (2539)-Biti,O (2363) Aschach 2012}) 10... Ng4 11. Bd2 Qh5 {[%csl Gg4][%cal Rh5h2] [#]} 12. h3 Nf6 13. Kh2 Ng4+ 14. Kg1 Nf6 15. Kh2 Na6 16. Nc1 Bg4 17. f3 Be6 18. Qe2 Rad8 19. Be3 b6 20. b3 Nc5 21. Nd3 {The position is equal.} Nxd3 ({Don't capture} 21... Nfxe4 $2 22. Nxe4 Nxd3 23. Qxd3 $18 (23. g4 Qg6 $16)) 22. Qxd3 d5 23. cxd5 cxd5 24. exd5 Nxd5 25. Nxd5 Bxd5 26. Rad1 1/2-1/2

[Event "BL 2016-17"]
[Site "Berlin"]
[Date "2017.04.30"]
[Round "14"]
[White "Carlstedt, Jonathan"]
[Black "Muse, Drazen"]
[Result "1/2-1/2"]
[WhiteElo "2450"]
[BlackElo "2359"]
[Annotator "TA"]
[PlyCount "79"]
[EventDate "2017.??.??"]
[EventType "team-tourn"]
[EventCountry "GER"]
[SourceTitle "playchess.com"]
[Source "ChessBase"]
[SourceQuality "1"]
[WhiteTeam "Hamburger SK"]
[BlackTeam "König Tegel"]

{[%evp 11,79,17,27,17,16,13,19,16,27,41,41,37,58,58,58,38,42,33,50,42,22,24,54,51,51,42,42,43,50,46,54,37,63,56,54,61,62,64,92,91,88,91,82,82,88,84,92,75,72,49,67,26,55,26,26,26,26,26,26,26,26,14,14,14,28,0,0,0,0,0]} 1. d4 e6 2. e4 c5 3. Nf3 cxd4 4. Nxd4 a6 5. c4 Nf6 6. Nc3 Bb4 7. Qd3 {B41: Sicilian: Kan Variation: 5 c4} Nc6 (7... O-O 8. Be2 Qc7 9. O-O Nc6 10. Nxc6 dxc6 11. Bg5 Be7 12. Be3 b5 13. Rac1 b4 14. Nb1 c5 {0-1 (61) Anand,V (2779)-Ivanchuk,V (2747) Doha 2016}) 8. Nxc6 dxc6 9. e5 Qxd3 10. Bxd3 Nd7 11. f4 Nc5 12. Bc2 b5 13. Bd2 {[#]} bxc4 $146 ({Predecessor:} 13... Bb7 14. O-O-O O-O-O {½-½ (45) Dvirnyy,D (2530)-Miezis,N (2524) Tromsoe 2014}) 14. Ne4 Bxd2+ 15. Kxd2 Nxe4+ 16. Bxe4 Rb8 17. Kc3 {[%mdl 1024] White has compensation.} Bd7 18. Rad1 Ke7 19. Rd6 Rhc8 20. Rhd1 ({Don't play} 20. Bxh7 g6 $17) 20... Rc7 21. Bf3 ({Reject} 21. Bxh7 g6 22. h4 Rh8 23. Bxg6 fxg6 $17) 21... f6 22. exf6+ gxf6 23. Be2 Rb5 $1 {Threatening ...Rd5.} 24. R6d4 Rd5 25. Bxc4 Rxd4 26. Rxd4 $16 {[%mdl 4096] Endgame KRB-KRB} Bc8 27. Bd3 c5 28. Ra4 Ra7 29. Re4 Kd6 30. Re3 Rg7 31. Be4 Bd7 32. Rh3 f5 $1 {[%cal Rf5e4]} 33. Rd3+ Kc7 34. Bf3 Bb5 35. Re3 Kd6 36. b3 a5 37. g3 Rd7 38. a4 Ba6 39. Re5 Bb7 40. Bxb7 {Precision: White = 65%, Black = 83%.} 1/2-1/2

[Event "BL 2016-17"]
[Site "Berlin"]
[Date "2017.04.30"]
[Round "14"]
[White "Tischbierek, Raj"]
[Black "Baskin, Robert"]
[Result "1/2-1/2"]
[WhiteElo "2450"]
[BlackElo "2348"]
[Annotator "TA"]
[PlyCount "63"]
[EventDate "2017.??.??"]
[EventType "team-tourn"]
[EventCountry "GER"]
[SourceTitle "playchess.com"]
[Source "ChessBase"]
[SourceQuality "1"]
[WhiteTeam "TU Dresden"]
[BlackTeam "Griesheim"]

{[%evp 20,63,11,-14,-2,-11,4,-4,12,0,0,0,0,-1,0,0,39,-14,8,8,3,3,14,3,4,9,8,14,15,-44,2,0,5,-6,-8,-8,5,0,-10,-16,-10,-7,-6,-9,0,-9]} 1. e4 c6 2. Nc3 d5 3. Nf3 Bg4 4. h3 Bxf3 5. Qxf3 e6 6. d3 Nd7 7. g3 Ngf6 8. a3 Bd6 9. Bg2 O-O 10. O-O Qb6 11. Kh1 {LiveBook: 3 Games. B11: Caro-Kann: Two Knights Variation} Be5 12. Nd1 Qa6 13. Re1 Rad8 {[#]} 14. Qe2 $146 (14. Bd2 Rfe8 15. a4 dxe4 16. dxe4 Qc4 17. Ne3 Qc5 18. Bc1 Nb6 {1-0 (62) Kuzubov,Y (2623)-Yevseev,D (2529) St Petersburg 2011}) 14... dxe4 15. dxe4 Qxe2 16. Rxe2 Nc5 17. Be3 Bd4 18. Bd2 (18. e5 $14 Bxe3 19. Nxe3) 18... Rd7 19. Rb1 Rfd8 {[#] White must now prevent ...Be5.} 20. Ba5 b6 21. Be1 Na4 22. Rd2 Nc5 23. f3 b5 24. g4 ({Better is} 24. b4 $11 Nb7 25. Nf2) 24... Be5 (24... e5 $5 {with more complications.} 25. Bg3 Ne6 26. h4 h5 27. g5 Bb6) 25. Rxd7 {The position is equal.} Ncxd7 (25... Nfxd7 $5 {is more complex.} 26. Nc3 a5 27. Ne2 Bc7 28. e5 g5) 26. Bf2 Nb6 27. Bf1 Bf4 28. Nc3 Rd2 29. Rd1 Rxd1 30. Nxd1 Nfd7 31. Kg2 Bc1 32. Be3 1/2-1/2

[Event "BL 2016-17"]
[Site "Berlin"]
[Date "2017.04.30"]
[Round "14"]
[White "Beerdsen, Thomas"]
[Black "Commercon, Simon"]
[Result "1/2-1/2"]
[WhiteElo "2446"]
[BlackElo "2285"]
[Annotator "TA"]
[PlyCount "95"]
[EventDate "2017.??.??"]
[EventType "team-tourn"]
[EventCountry "GER"]
[SourceTitle "playchess.com"]
[Source "ChessBase"]
[SourceQuality "1"]
[WhiteTeam "Mülheim Nord"]
[BlackTeam "Speyer-Schwegenheim"]

{[%evp 6,95,9,0,7,7,7,7,7,10,8,6,12,3,13,16,10,0,0,0,0,-8,0,1,4,-13,16,11,3,4,18,4,6,14,18,12,5,11,11,11,27,29,28,6,15,15,15,15,18,10,12,10,32,26,43,0,35,0,0,-22,-29,-133,0,0,0,0,0,0,0,0,0,0,0,0,0,0,0,0,0,0,0,0,0,0,0,0,0,0,0,0,0,0]} 1. e4 e5 2. Nf3 Nc6 3. Nc3 Nf6 4. h3 {LiveBook: 27 Games} d5 {C47: Scotch Four Knights and Four Knights with 4 g3} 5. exd5 Nxd5 6. Bb5 Nxc3 7. bxc3 Bd6 8. O-O O-O 9. d4 exd4 10. cxd4 Bf5 $146 (10... h6 11. c3 Qf6 12. Bd3 {0-1 (55) Short,N (2684)-Melkumyan,H (2654) Minsk 2015}) 11. c3 h6 12. Bd3 Qf6 13. Rb1 Bxd3 14. Qxd3 b6 15. Bb2 Ne7 16. c4 Ng6 17. g3 Rfe8 18. Bc3 Qe6 19. Kg2 Qe2 20. Qxe2 Rxe2 21. a4 Rae8 22. Rfe1 R8e3 23. Rxe2 Rxe2 24. Bd2 Ne7 25. Kf1 Re4 26. Re1 Rxe1+ 27. Kxe1 $11 {[%mdl 4096] Endgame KBN-KBN} c6 28. Ke2 f5 29. h4 Kf7 30. Ne1 a6 31. Nd3 b5 32. Nb2 Ba3 33. axb5 (33. Nd3 $11) 33... axb5 (33... Bxb2 $17 34. b6 (34. bxa6 Bxd4 35. Be3 Bxe3 36. Kxe3 Nc8 $19) 34... Bxd4) 34. Nd3 {The position is equal.} bxc4 35. Ne5+ Ke6 36. Nxc4 Bd6 $1 37. Nxd6 Kxd6 {KB-KN} 38. Bb4+ Ke6 39. Bxe7 Kxe7 {KP-KP} 40. Kd3 {[#] Black must now prevent h5.} Kd6 41. Kc4 {Strongly threatening h5.} h5 42. f3 g6 43. f4 Kd7 44. Kb4 Kd6 {[#] aiming for ...Kd5.} 45. Kc4 Kd7 46. Kc5 Kc7 47. d5 cxd5 48. Kxd5 1/2-1/2

[Event "BL 2016-17"]
[Site "Berlin"]
[Date "2017.04.30"]
[Round "14"]
[White "Lindgren, Philip"]
[Black "Hoffmann, Michael"]
[Result "1-0"]
[WhiteElo "2427"]
[BlackElo "2457"]
[Annotator "TA"]
[PlyCount "61"]
[EventDate "2017.??.??"]
[EventType "team-tourn"]
[EventCountry "GER"]
[SourceTitle "playchess.com"]
[Source "ChessBase"]
[SourceQuality "1"]
[WhiteTeam "Bayern München"]
[BlackTeam "Aufwärts Aachen"]

{[%evp 17,61,4,16,14,19,4,33,13,31,31,37,36,117,32,185,185,179,52,229,199,168,154,193,186,189,128,128,132,361,356,337,51,226,224,454,435,779,796,1105,1143,1071,1075,862,993,29998,29999]} 1. d4 Nf6 2. Nf3 e6 3. c4 d5 4. g3 dxc4 5. Bg2 c5 6. O-O Nc6 7. Qa4 Bd7 8. Qxc4 b5 9. Qd3 c4 10. Qc2 {E04: Open Catalan: 5 Nf3} Rc8 11. e4 Be7 12. Nc3 {White is slightly better.} (12. Qe2 O-O 13. Rd1 Re8 14. Ne5 Qc7 15. Bf4 Bd6 16. Nxd7 Nxd7 17. e5 Bb4 {1-0 (49) Gelfand,B (2731)-Bacrot,E (2692) Ashdod 2015}) 12... O-O 13. a3 $146 (13. Rd1 Qb6 14. e5 Nb4 15. Qe2 Nfd5 16. Bg5 Bc6 17. Ne4 Nd3 18. Bxe7 Nxe7 {0-1 (34) Busche,K-Landa,K (2612) Paderborn 2016}) 13... Na5 14. Bf4 Qb6 {[#]} (14... h6 $14) 15. Rad1 (15. d5 $1 $16) 15... Rfd8 $2 ({Better is} 15... h6 $1 $14) 16. d5 $18 Bc5 17. d6 (17. e5 $18 Ne8 18. Ne4 (18. Ng5 g6 19. Nce4 Bd4 $18)) 17... Nh5 $2 ({Black should play} 17... Bc6 $14) 18. e5 Nxf4 19. gxf4 Nb3 20. Ng5 g6 21. Qe2 (21. Nce4 $18) 21... Nd4 22. Qg4 $40 {[%mdl 128] Black is in trouble.} Nf5 $2 (22... h5 $16 23. Qh3 Bc6) 23. Be4 (23. Nce4 Bd4 $16) 23... h6 {[#]} 24. Nf3 $2 (24. Bxf5 $1 $18 gxf5 25. Qh5 hxg5 26. Qxg5+ Kh7 27. Qh4+ Kg7 28. Kh1 Bxf2 29. Rxf2 Bc6+ 30. Nd5 (30. Kg1 Rg8 $16) 30... Qxf2 31. Qxf2 Bxd5+ 32. Kg1) 24... Kh7 $2 (24... Kg7 $14) 25. Bxf5 $1 gxf5 $2 (25... exf5 {keeps fighting.} 26. Qh4 Rf8) 26. Qh5 {White wants to mate with Ng5+.} Kg7 (26... Rf8 $142 27. h4 Bc6 28. Ng5+ Kg7) 27. Kh1 {White threatens Rg1+ and mate.} Rh8 28. Rg1+ Kf8 29. Qh4 {[%csl Gd6][%cal Rh4e7]} Qd8 30. Qg3 {Qg7+ would kill now.} Ke8 {[#]} 31. Qg8+ $1 {[%mdl 512]} 1-0

[Event "BL 2016-17"]
[Site "Berlin"]
[Date "2017.04.30"]
[Round "14"]
[White "Lauber, Arnd"]
[Black "Markgraf, Alexander"]
[Result "1/2-1/2"]
[WhiteElo "2426"]
[BlackElo "2516"]
[Annotator "TA"]
[PlyCount "90"]
[EventDate "2017.??.??"]
[EventType "team-tourn"]
[EventCountry "GER"]
[SourceTitle "playchess.com"]
[Source "ChessBase"]
[SourceQuality "1"]
[WhiteTeam "SF Berlin"]
[BlackTeam "Werder Bremen"]

{[%evp 17,90,51,57,51,48,37,58,50,62,65,110,68,95,24,4,-81,-81,-87,-85,-237,-228,-225,-209,-237,-243,-232,-222,-198,-162,-229,-162,-173,-175,-164,-167,-167,-174,-162,-166,-184,-184,-307,-18,-23,-7,-8,0,0,0,0,0,0,0,-70,0,0,0,0,0,0,0,0,0,0,0,0,0,0,0,0,0,0,0,0,0]} 1. d4 f5 2. c4 Nf6 3. g3 g6 4. Bg2 Bg7 5. Nc3 d6 6. Nh3 O-O 7. Bg5 {A86: Dutch Defence: Leningrad System: Unusual lines and 5 Nh3} (7. d5 Nbd7 8. O-O Nc5 9. Be3 e5 10. dxe6 Nxe6 11. Nf4 Nxf4 12. Bxf4 Nh5 13. Be3 c6 14. Qd2 Be6 15. b3 Qf6 16. Rac1 f4 17. Bxf4 Nxf4 18. gxf4 Qxf4 19. Qxf4 Rxf4 {½-½ (106) Postny,E (2645)-Vovk,A (2644) Fagernes 2015}) 7... c6 8. Qd2 e5 9. d5 c5 {LiveBook: 5 Games} 10. O-O Na6 {[%cal Bb8a6,Ba6c7,Bc7b5,Bb5c3,Bc3e4][%mdl 32]} 11. e4 Nc7 12. Rae1 b5 $146 (12... Rb8 13. f4 exf4 14. exf5 fxg3 15. fxg6 gxh2+ {0-1 (44) Serna Lara,S (2270)-Alonso Moyano,J (2372) Mislata 2007}) 13. cxb5 Rb8 14. f4 h6 15. fxe5 ({White should play} 15. Bxf6 $1 $16 Qxf6 16. a4) 15... hxg5 $11 16. exd6 ({Don't play} 16. Qxg5 Ng4 17. exd6 Nxb5 18. Nxb5 Rxb5 19. Qxg6 Qf6 $17) (16. exf6 $11 {keeps the balance.} Bxf6 17. exf5 gxf5 18. a4) 16... Nxb5 $17 {And now ...Nxe4 would win.} 17. e5 Nxc3 18. exf6 $2 (18. bxc3 $17 Ng4 19. e6 Qxd6 20. Qxg5) 18... Ne4 $1 $19 {[%cal Re4d2]} ({And not} 18... Rxf6 19. bxc3 g4 20. Nf4 $11) 19. Bxe4 Bxf6 20. Bg2 Rxb2 21. Qc1 Qxd6 22. Nxg5 Bb7 23. Rd1 (23. Bf3 {was the only defense.}) 23... Rxa2 {Threatens to win with ...Re8.} 24. Bf3 Ra1 $1 {[%cal Ra1c1]} 25. Qf4 Qxf4 26. gxf4 Rxd1 $1 27. Rxd1 {[#]} c4 $1 {[%cal Bc5c4,Bc4c3,Bc3c2][%mdl 32]} 28. Be2 c3 {Strongly threatening ...Bxd5!} 29. d6 {[#]} (29. Bc4 $142) 29... Bxg5 $2 (29... Bd5 $1 $19 {[%mdl 512]} 30. Kf1 (30. Rxd5 c2) 30... Bb3) 30. fxg5 {[%mdl 4096] Endgame KRB-KRB} c2 31. Rc1 Be4 {Hoping for ...Rb8.} 32. Bc4+ Kg7 {...Rd8 is the strong threat.} 33. Bb3 $1 Rc8 {[#]} 34. Bxc2 $1 {[%mdl 512]} Bxc2 $11 {KRB-KR} (34... Rxc2 35. Rxc2) 35. Kf2 ({Better is} 35. d7 $11 Rd8 36. Rxc2) 35... Kf7 (35... a5 $15 36. d7 Rd8 37. Rxc2 Rxd7) 36. d7 {The position is equal.} Rd8 37. Rxc2 Rxd7 {KR-KR} 38. Ra2 Rb7 39. Ra6 Rb2+ 40. Kg3 Rb3+ 41. Kf4 Rb4+ 42. Kf3 Rb7 43. h4 Kg7 44. Kf4 Re7 45. Kf3 Rb7 1/2-1/2

[Event "BL 2016-17"]
[Site "Berlin"]
[Date "2017.04.30"]
[Round "14"]
[White "Thiede, Lars"]
[Black "Grigorian, Spartak"]
[Result "0-1"]
[WhiteElo "2424"]
[BlackElo "2338"]
[Annotator "TA"]
[PlyCount "88"]
[EventDate "2017.??.??"]
[EventType "team-tourn"]
[EventCountry "GER"]
[SourceTitle "playchess.com"]
[Source "ChessBase"]
[SourceQuality "1"]
[WhiteTeam "SF Berlin"]
[BlackTeam "Werder Bremen"]

{[%evp 13,88,0,5,0,12,15,40,35,38,31,41,14,22,14,15,4,8,10,6,0,6,0,0,-20,-12,-14,0,-39,-32,-32,-28,-24,-29,-31,-30,-37,-38,-42,-23,-104,-114,-222,-112,-156,-127,-273,-262,-260,-269,-413,-201,-191,-183,-262,-266,-347,-315,-381,-379,-350,-233,-741,-729,-859,-899,-902,-895,-1016,-628,-602,-520,-548,-543,-773,-519,-1800,-1734]} 1. d4 Nf6 2. Bf4 d5 3. e3 e6 4. Nd2 c5 5. c3 Nc6 6. Ngf3 Bd6 7. Bg3 O-O 8. Bb5 {D02: Damenbauernspiele} cxd4 (8... a6 9. Bxc6 bxc6 10. Qa4 Rb8 11. Qa3 Bxg3 12. hxg3 cxd4 13. cxd4 a5 14. O-O Qb6 15. b3 Ba6 {1-0 (24) Carlsen,M (2840)-Anand,V (2779) Doha 2016}) 9. exd4 Ne7 10. Bd3 {Weiß steht etwas besser.} Nf5 11. Bxd6 $146 (11. Ne5 a6 12. a4 Qe7 13. Qe2 Bd7 14. f4 Qe8 15. a5 Bb5 {1-0 (60) Deepan Chakkravarthy,J (2485)-Roe,S (2211) Basel 2017}) 11... Nxd6 12. Qc2 b6 13. Ne5 a5 14. O-O Ba6 15. Bxa6 Rxa6 16. Rae1 Qc8 17. Qd3 Ra7 18. Re3 Qa6 19. Qb1 Rc8 20. Rfe1 b5 21. Nb3 b4 22. Nc5 Qb5 23. f3 Nb7 24. cxb4 Qxb4 25. Nb3 Nd6 {[%cal Bb7d6,Bd6b5,Bb5d4][%mdl 32]} 26. g4 (26. Rc1 $11 {hält das Gleichgewicht.} Rac7 27. Rxc7 Rxc7 28. Qe1) 26... a4 $36 {[%mdl 2048] Weiss muss aufpassen.} 27. Nd3 (27. a3 $17 Qb6 28. Nc5) 27... Qb6 (27... Qc4 28. Ne5 Qc2 29. Qxc2 Rxc2 30. Nc5 $17) ({Besser ist} 27... Qb8 $19 28. Na1 (28. Nbc5 $2 Nb5 29. Qc2 Nxd4 $19) 28... Nb5) 28. Nbc5 {[#]} Nb5 $1 29. Qd1 (29. b3 $17 {war nötig.} Nxd4 30. bxa4 Qxb1 31. Rxb1) 29... Nxd4 $19 30. Kh1 Qb5 31. Nf4 (31. Qd2 $142) 31... Rxc5 ({Weniger gut wäre} 31... Qxc5 32. Rc3 Qf8 33. Qxd4 Rxc3 34. Qxc3 $17) (31... Qxb2 $142 32. g5 Ne8 33. Nxa4 Qf2) 32. Qxd4 Rac7 33. R3e2 (33. g5 {war einen Versuch wert.} Ne8 34. Qe5) 33... h6 34. h4 Rc1 {zielt auf ...Dxe2! ab.} 35. Rxc1 Rxc1+ 36. Kg2 Nd7 37. g5 $2 (37. Qe3 Rc4 38. Rf2) 37... Rc4 {Schwarz steht klar auf Gewinn.} 38. Qd2 {[#]} Rxf4 $1 {[%mdl 512]} 39. Kg3 (39. Qxf4 Qxe2+) 39... Rc4 40. gxh6 Qb4 41. Qg5 {[%csl Gh6][%cal Rg5g7]} Qb8+ 42. Kh3 {[%csl Gh6][%cal Rg5g7]} g6 43. Rxe6 Nf8 44. Re5 (44. Qe5 $142 Qxe5 45. Rxe5) 44... Ne6 {Precision: Weiß = 33%, Schwarz = 76%.} ({Minderwertig wäre} 44... Qxb2 45. Re8 Kh7 46. Rxf8 $11) 0-1

[Event "BL 2016-17"]
[Site "Berlin"]
[Date "2017.04.30"]
[Round "14"]
[White "Walter, Stefan"]
[Black "Moehn, Hans"]
[Result "1/2-1/2"]
[WhiteElo "2416"]
[BlackElo "2382"]
[Annotator "TA"]
[PlyCount "118"]
[EventDate "2017.??.??"]
[EventType "team-tourn"]
[EventCountry "GER"]
[SourceTitle "playchess.com"]
[Source "ChessBase"]
[SourceQuality "1"]
[WhiteTeam "Griesheim"]
[BlackTeam "TU Dresden"]

{[%evp 24,118,47,50,47,35,75,52,101,104,91,93,111,37,145,145,132,137,143,128,150,111,147,136,144,91,81,93,194,123,155,172,258,239,235,216,293,293,316,308,294,322,344,344,341,331,335,319,338,336,364,340,322,337,351,353,364,355,345,294,317,331,366,297,365,345,398,397,386,336,327,326,416,425,429,358,371,366,356,360,315,115,76,0,0,0,0,0,0,0,0,0,0,0,0,0,0]} 1. d4 Nf6 2. c4 g6 3. Nc3 Bg7 4. e4 d6 5. f3 O-O 6. Be3 b6 7. Qd2 c5 8. d5 a6 9. Nge2 {[%cal Bg1e2,Be2g3,Bg3f1,Bf1e3][%mdl 32] E82: King's Indian: Sämisch: 6...b6} e6 10. a4 exd5 11. cxd5 Nbd7 12. Ng3 h5 13. Be2 {LiveBook: 4 Games} h4 14. Nf1 {[#]} h3 $146 (14... Nh7 15. Bh6 Bd4 16. Ne3 Re8 17. Nc2 Bh8 18. O-O {1-0 (55) Bruzon Batista,L (2649)-Martinez Duany,L (2517) Villa Clara 2017}) 15. g3 Ne5 16. Bh6 $1 Rb8 17. Bxg7 Kxg7 18. Rb1 (18. Ne3 $16) 18... Nh7 (18... b5 $14) 19. Ne3 $16 f5 20. f4 Nf7 21. exf5 gxf5 22. Bf1 b5 23. axb5 axb5 24. b4 ({Better is} 24. Bxb5 Nf6 25. O-O) 24... Nf6 25. Bxh3 cxb4 (25... Re8 $16 {keeps fighting.}) 26. Rxb4 (26. Ne2 $18) 26... Qa5 27. Qd4 Qa1+ (27... Re8 {was called for.}) 28. Rb1 $18 Qa5 29. Bxf5 (29. Nxf5+ Bxf5 30. Bxf5 b4 $16) 29... Re8 {[#] aiming for ...Bxf5.} 30. Be6 $1 Bxe6 31. dxe6 Rxe6 32. O-O Qb6 33. Nf5+ Kg6 34. Qxb6 ({Don't play} 34. Nxb5 Qc5 $18) 34... Rxb6 35. Rxb5 Rxb5 36. Nxb5 ({But not} 36. Nh4+ Kh5) 36... d5 37. Nbd4 Ra6 38. h3 Ra3 39. Rf3 Ra1+ 40. Kg2 Ne4 41. Ne7+ Kh7 42. Re3 Rd1 43. Nf3 Nfd6 44. Ng5+ Kg7 45. Nxe4 dxe4 {[%mdl 4096] Endgame KRN-KRN} 46. g4 Kf6 47. Nc6 Ke6 48. Ne5 Kd5 49. Ra3 Rb1 50. h4 Nb5 51. Ra2 e3 {[#]} 52. h5 $2 (52. Nf3 $1 $18 {is the precise move to win.}) 52... Nd4 $16 53. Nf3 (53. Ra5+ $16 Ke4 54. Ng6) 53... e2 $11 {The position is equal.} 54. Ra5+ Ke4 55. Ra4 Ke3 56. Rxd4 Rf1 {( -> ...Rf2+)} 57. Rd8 Rf2+ 58. Kg1 Rf1+ (58... Rxf3 $5 59. Re8+ $8 Kxf4 60. Rxe2 Kxg4 $11) 59. Kg2 {Re8+ is the strong threat.} Rf2+ {Precision: White = 84%, Black = 48%.} 1/2-1/2

[Event "BL 2016-17"]
[Site "Berlin"]
[Date "2017.04.30"]
[Round "14"]
[White "Zwirs, Nico"]
[Black "Flierl, Pascal"]
[Result "1-0"]
[WhiteElo "2409"]
[BlackElo "2230"]
[Annotator "TA"]
[PlyCount "81"]
[EventDate "2017.??.??"]
[EventType "team-tourn"]
[EventCountry "GER"]
[SourceTitle "playchess.com"]
[Source "ChessBase"]
[SourceQuality "1"]
[WhiteTeam "Mülheim Nord"]
[BlackTeam "Speyer-Schwegenheim"]

{[%evp 24,81,0,0,8,7,6,17,7,0,0,0,0,0,17,-10,9,-4,0,0,0,0,17,0,0,0,10,0,17,17,29,29,55,55,71,55,78,44,73,39,73,41,64,57,65,57,57,52,66,61,52,49,57,32,63,29,447,437,416,412]} 1. Nf3 e6 2. g3 b6 3. Bg2 Bb7 4. O-O Nf6 5. c4 c5 6. Nc3 Be7 7. e3 O-O 8. d4 Ne4 9. Qc2 Nxc3 10. Qxc3 Be4 11. b3 Nc6 12. Bb2 Bf6 13. Qd2 cxd4 $146 {E19: Queen's Indian: Old Main Line with 7...Ne4 8 Qc2 Nxc3 8 Qxc3} (13... d6 14. Rad1 Qe7 15. h3 a6 16. Nh2 Bxg2 17. Kxg2 Qb7 18. f3 Be7 19. d5 Nd8 20. e4 e5 21. f4 {0-1 (43) Bakalar,J (2093)-Dusik,T (2154) Slovakia 2003}) 14. Nxd4 Bxg2 15. Kxg2 Bxd4 {The position is equal.} 16. exd4 d5 17. Rac1 Qd7 18. c5 b5 19. Rfe1 Rfe8 20. h4 a6 21. h5 h6 22. Rcd1 {[%cal Bc1d1,Bd1d3,Bd3e3][%mdl 32]} Re7 23. Qe2 f6 24. Qg4 Rd8 25. f4 f5 26. Qe2 Rf8 27. Rd3 Rf6 28. Re3 Nd8 29. Ra1 Qb7 30. Bc3 g6 31. Rh1 Qd7 32. Be1 Rg7 33. hxg6 Rfxg6 34. Bf2 Kh7 35. Ra1 Rg4 {With the idea ...Rxf4.} 36. Rf3 Qb7 37. Rc1 Qc6 38. Qe5 Qc7 39. c6 Qxe5 $4 {[%mdl 8192]} (39... b4 $11 {and Black has nothing to worry.}) 40. dxe5 $18 {[#] Black must now prevent c7.} ({And not} 40. fxe5 Rc7 $11) 40... Rc7 41. Rfc3 {Precision: White = 37%, Black = 34%.} 1-0

[Event "BL 2016-17"]
[Site "Berlin"]
[Date "2017.04.30"]
[Round "14"]
[White "Zysk, Robert"]
[Black "Jaracz, Pawel"]
[Result "1/2-1/2"]
[WhiteElo "2407"]
[BlackElo "2469"]
[Annotator "TA"]
[PlyCount "47"]
[EventDate "2017.??.??"]
[EventType "team-tourn"]
[EventCountry "GER"]
[SourceTitle "playchess.com"]
[Source "ChessBase"]
[SourceQuality "1"]
[WhiteTeam "Zugzwang München"]
[BlackTeam "SG Trier"]

{[%evp 16,47,10,0,9,-6,-3,-11,-8,-8,-8,-4,-4,-11,-11,-41,-41,-60,-60,-58,-53,-73,-32,-36,-33,-65,-56,-81,-77,-79,-82,-81,-86,-166]} 1. c4 c6 2. Nf3 d5 3. b3 Bg4 {[%cal Bc8g4,Bg4h5,Bh5g6][%mdl 32]} 4. Bb2 Nd7 5. e3 e6 6. h3 Bh5 7. Be2 Ngf6 8. Nc3 Bd6 {A12: English Opening: 1...c6 with b3 by White} 9. d3 {LiveBook: 5 Games} h6 10. a3 Bg6 $146 {The position is equal.} (10... O-O 11. g4 Bg6 12. Rg1 e5 13. h4 dxc4 14. dxc4 Nc5 15. g5 e4 16. Nd2 hxg5 17. hxg5 {1-0 (30) Hou,Y (2651)-Muzychuk,M (2546) Caleta 2017}) 11. b4 O-O 12. Qb3 Ne5 13. Nxe5 Bxe5 14. O-O Bc7 $36 {[%mdl 2048] Black fights for an advantage.} 15. Rad1 Nh5 16. cxd5 exd5 17. Bxh5 Bxh5 18. Rde1 Qg5 {[#] ( -> ...Bf3)} 19. f4 Qg3 {White must now prevent ...Rfe8.} 20. Qc2 Bb6 21. d4 Rfe8 {And now ...Bxd4! would win.Black is better.} 22. Qf2 Qxf2+ 23. Kxf2 Bg6 24. Kg1 (24. Na4 $17) 1/2-1/2